|
|
|
|
| LEADER |
00000cam a2200000 a 4500 |
| 001 |
vtls008380719 |
| 003 |
SK-MaSNL |
| 005 |
20260301075442.0 |
| 008 |
180812s1923 xo grn2 000 0 slo |
| 015 |
|
|
|a SNBA19191938-005663
|
| 020 |
|
|
|q (brož.)
|
| 035 |
|
|
|a SK01SNKBSKHR20010072936
|
| 035 |
|
|
|a SKM000075399
|
| 040 |
|
|
|a SNK
|b slo
|c SNK
|e AACR2
|
| 041 |
0 |
|
|a slo
|
| 043 |
|
|
|a e-xo---
|
| 044 |
|
|
|a xo
|c SK
|
| 072 |
|
7 |
|a 316.7
|x Sociológia kultúry. Kultúrny život
|2 konspekt
|
| 080 |
|
|
|a 001:316.344.3
|2 2011
|
| 080 |
|
|
|a (437.6)
|2 2011
|
| 080 |
|
|
|a 93/94
|2 2011
|
| 080 |
|
|
|a (04)
|2 2011
|
| 100 |
1 |
|
|a Krčméry, Štefan,
|d 1892-1955
|4 aut
|9 5358
|
| 245 |
1 |
0 |
|a Drobná práca na Slovensku v minulosti
|c Štefan Krčméry
|
| 260 |
|
|
|a [Slovensko?]
|b [vydavateľ nie je známy]
|c 1923
|e Martin
|f Matica slovenská
|f Kníhtlačiarsky účastinársky spolok
|
| 300 |
|
|
|a 12 s.
|c 23 cm
|
| 500 |
|
|
|a Odtlačok zo Slovenských pohľadov, č. 10
|
| 504 |
|
|
|a Obsahuje bibliografické odkazy
|
| 650 |
0 |
7 |
|a vzdelanosť
|2 SNKPH
|9 15496
|
| 651 |
|
7 |
|a Slovensko
|x dejiny
|2 SNKPHgeo
|9 13278
|
| 655 |
|
7 |
|a separáty
|2 SNKPH
|9 70334
|
| 852 |
|
|
|a Slovenská národná knižnica
|
| 954 |
|
|
|a odborná, vedecká literatúra pôvodná (slovenská)
|2 lita
|
| 958 |
|
|
|a OND
|
| 958 |
|
|
|a NB
|
| 958 |
|
|
|a SK
|
| 999 |
|
|
|c 650239
|d 652169
|
| 952 |
|
|
|a SNK
|b SNK
|y VYP
|7 0
|p 17A0157671
|o snkSC 283/15 D1
|i snkKSF 1470/59
|8 5
|3 Popísaná
|0 0
|1 0
|4 0
|d 2011-11-29
|l 0
|r 2026-02-23 18:20:19
|w 2026-02-23
|
| 952 |
|
|
|a SNK
|b SNK
|y PREZ
|7 0
|p 17A0714516
|o snkSC 283/15
|i snk97/28
|0 0
|1 0
|4 0
|d 2011-11-29
|f 1
|l 0
|r 2025-05-27 00:00:00
|w 2026-02-23
|